01153 2200325 4500001002100000005001500021035002000036007000300056008004100059040002200100082001600122084001800138090002200156100002900178245009000207300004100297850001200338041000800350043000800358651002900366710008700395264010500482336002100587337003000608338002300638546002700661110008700688740003200775990002000807INLIS00000000085367320191210112018 a0010-1219000359ta191210s2014 jkio g r l 0 eng d aYOPDYOGbinderda04223a796.352 a796.352 JAK j aBTR 796.352 JAK j aBowden, DavidePengarang1 aJakarta, a paradise for golfers /cJakarta City Government Tourism and Culture Office a48 halaman :bfoto berwarna ;c21 cm aYOPDYOG0 aeng aaio 4aLapangan Golf--zJakarta aJakarta City Government Tourism and Culture OfficecJakartaeBadan Penanggungjawab31aJakarta :bJakarta City Government Tourism and Culture Office,c[tahun terbit tidak teridentifikasi] 2rdacontentateks 2rdamediaatanpa perantara 2rdacarrieravolume aTeks berbahasa Inggris2 aJakarta City Government Tourism and Culture OfficecJakartaeBadan Penanggungjawab aJakarta, a golfers paradise a65369-PD/A.2019